RDR2 - Guarma Points of Interest and Characters - Statistics

General Stats
  • This quiz has been taken 17 times
  • The average score is 6 of 13
Answer Stats
Hint Answer % Correct
The country that Guarma is located in (or nearest to) Cuba
100%
Governor or dictator of Guarma as a whole, ruling the island under a quasi-military rule Alberto Fussar
64%
A Haitian smuggler who was in charge of a rebel group that brought supplies in and out of the island Hercule Fontaine
64%
An old, hunchback lady who guides Arthur and Dutch through a cave. Dutch later strangles her Gloria
50%
A Cuban man who was sent to Guarma as a slave on the sugar plantations but successfully escaped and joined the two characters above Leon Fuentes
50%
Overseer of Guarma's sugar plantations and second-in-command to the island's overseer Levi Simon
43%
The main settlement on the island that contains the large sugar plantation Aguasdulces
36%
Another Haitian smuggler who worked with the character above; distinctively missing his left arm Baptiste
36%
The large fort on a peninsula where a war with the navy broke out Cinco Torres
36%
The bay that the main settlement sits on (hint: translates to Bay of the Peace; Peace Bay) Bahia de la Paz
29%
The captor who captured Arthur with a blow dart and interrogated him in the church ruins Angel
21%
The river that runs parallel to Arthur's camp (hint: translates to Stream of the Snake; Snake Stream) Arroyo de la Vibora
21%
The ruins of a church where Arthur saved the prisoners from La Capilla
21%
No matching quizzes found
Score Distribution
Percent of People with Each Score
Percentile by Number Answered
Your Score History
You have not taken this quiz